Most Popular Boys Names in West Virginia - Statistics

General Stats
  • This quiz has been taken 99 times
  • The average score is 6 of 23
Answer Stats
Hint Answer % Correct
1980 James
65%
1980 Michael
56%
1998 Jacob
42%
1983 Matthew
39%
1987 Justin
35%
first appeared 1980 Jason
32%
2005 Andrew
29%
1980 Christopher
29%
2012 Liam
27%
1980 Joshua
26%
2008 Noah
25%
1993 Tyler
25%
1993 Brandon
21%
2011 Aiden
19%
2010 Mason
19%
2002 Ethan
18%
2001 Hunter
18%
1992 Zachary
15%
2004 Logan
14%
1996 Austin
12%
1992 Cody
6%
2006 Landon
5%
2012 Bentley
2%
No matching quizzes found
Score Distribution
Percent of People with Each Score
Percentile by Number Answered
Your Score History
You have not taken this quiz